00612nam a2200205Ia 4500008004100000020001600041082003600057100002500093245007500118250001800193260000900211260002100220260000900241300001000250500004300260650001000303650004500313650003300358650001500391260312s9999 xx 000 0 und d aD.L. 109405 a 331.880983 M491c 1999 HNA a Medina A., Andrés 0aLas centrales sindicales chilenas del siglo XX o el mito de Aktaion. a1a. edición as.e. bChillán, Chile c1999 a144p. aColección Humberto Nogueira Alcalá aChile aConfederación de Trabajadores de Chile aFederación Obrera de Chile aSindicatos